El riesgo en la empresa agropecuaria (Registro nro. 23952)

Detalles MARC
000 -LEADER
fixed length control field 00332 a2200109 4500
001 - CONTROL NUMBER
control field ART_10005
005 - DATE AND TIME OF LATEST TRANSACTION
control field 20260410161839.0
008 - FIXED-LENGTH DATA ELEMENTS--GENERAL INFORMATION
fixed length control field 260409a
100 1# - MAIN ENTRY--PERSONAL NAME
Personal name Gallacher, Marcos
245 10 - TITLE STATEMENT
Title El riesgo en la empresa agropecuaria
773 0# - HOST ITEM ENTRY
Title Contabilidad y administración
Related parts - Año 7, Nº 78 (dic. 1983)
Record control number REV5485

No hay ítems disponibles.